[Event "Dundee & Angus Minor"]
[Site "Dundee"]
[Date "2016.10.09"]
[Round "4"]
[White "Kante, Kalyan Sai Nandan"]
[Black "Stewart, Alex J"]
[Result "1-0"]
[WhiteElo "1136"]
[BlackElo "1257"]
[PlyCount "79"]
[EventDate "2016.10.07"]
[EventType "swiss"]
[EventRounds "5"]
[EventCountry "SCO"]
[SourceTitle "EXT 2023"]
[Source "ChessBase"]
[SourceDate "2022.10.05"]
[SourceVersion "1"]
[SourceVersionDate "2022.10.05"]
[SourceQuality "1"]

1. e4 e5 2. Nf3 Nc6 3. Bc4 Bc5 4. 0-0 Nf6 5. Nc3 0-0 6. d3 h6 7. Be3 Be7 8. h3 d6 9. a3 a6 10. Re1 Bd7 11. Qd2 Qc8 12. Kh2 Nd8 13. d4 exd4 14. Nxd4 Ne6 15. Nf5 Qd8 16. Rad1 Nc5 17. Nxh6+ gxh6 18. Bxh6 Nh7 19. Bxf8 Qxf8 20. b4 Ne6 21. f4 f5 22. exf5 Qxf5 23. Qe2 Qxf4+ 24. Kh1 Nhg5 25. Bxe6+ Bxe6 26. Ne4 Nxe4 27. Qxe4 Qxe4 28. Rxe4 Kf7 29. Rf1+ Bf6 30. Ref4 Ke7 31. Rxf6 Kd7 32. Rf8 Ra7 33. h4 c5 34. h5 cxb4 35. axb4 Kc6 36. h6 b5 37. R1f6 Kd5 38. Re8 Bg4 39. Rd8 Kc4 40. Rf4+ 1-0

[Event "Dundee & Angus Minor"]
[Site "Dundee"]
[Date "2016.10.08"]
[Round "3"]
[White "Stewart, Alex J"]
[Black "Dutta, Nandini"]
[Result "1-0"]
[WhiteElo "1257"]
[BlackElo "1116"]
[PlyCount "97"]
[EventDate "2016.10.07"]
[EventType "swiss"]
[EventRounds "5"]
[EventCountry "SCO"]
[SourceTitle "EXT 2023"]
[Source "ChessBase"]
[SourceDate "2022.10.05"]
[SourceVersion "1"]
[SourceVersionDate "2022.10.05"]
[SourceQuality "1"]

1. d4 Nf6 2. Nf3 g6 3. g3 Bg7 4. Bg2 d5 5. 0-0 0-0 6. e3 Bf5 7. Re1 c6 8. Nbd2 Nbd7 9. c4 Re8 10. b3 e5 11. dxe5 Nxe5 12. Nxe5 Rxe5 13. Bb2 Re8 14. Rc1 Qd7 15. cxd5 Nxd5 16. Bxg7 Kxg7 17. e4 Nb6 18. exf5 Rxe1+ 19. Qxe1 Rd8 20. Nc4 Qxf5 21. Nxb6 axb6 22. Qc3+ Kg8 23. Re1 Qd7 24. Qf6 Rf8 25. h4 h5 26. Kh2 Qd2 27. Re7 Qxa2 28. Rxb7 Qxb3 29. Bxc6 Qc4 30. Rd7 Qe6 31. Qxe6 fxe6 32. Kg2 Rb8 33. Bb5 Rc8 34. Rd6 Kf7 35. Rxb6 Kf6 36. Bd7 Rd8 37. Bxe6 Kg7 38. Bb3 Rd2 39. Ba4 Rd8 40. Rb7+ Kf6 41. Rd7 Rc8 42. Rd6+ Kg7 43. Rd2 Kh6 44. Rd6 Kg7 45. Kh3 Rc4 46. Be8 Rc2 47. Kg2 Rc5 48. Bxg6 Re5 49. Bb1 1-0

[Event "IECC Swiss email"]
[Site "IECC email"]
[Date "2002.08.11"]
[Round "?"]
[White "Stewart, Alex J"]
[Black "Hutton, Andrew D"]
[Result "1/2-1/2"]
[WhiteElo "1438"]
[BlackElo "1285"]
[PlyCount "99"]
[EventDate "2002.??.??"]
[EventType "tourn (corr)"]
[EventRounds "6"]
[SourceTitle "Corr 2008"]
[Source "ChessBase"]
[SourceDate "2008.06.24"]
[SourceVersion "1"]
[SourceVersionDate "2008.06.24"]
[SourceQuality "1"]

1. d4 d5 2. Nf3 Nc6 3. Nc3 e6 4. e3 Bd7 5. Bd3 g6 6. 0-0 Bg7 7. Re1 Nf6 8. e4 dxe4 9. Nxe4 0-0 10. c3 Re8 11. Bg5 a5 12. Qd2 Nxe4 13. Bxe4 Qb8 14. Rad1 a4 15. Bh6 Na5 16. Bd3 Bc6 17. Ne5 b5 18. Qf4 Rf8 19. Bxg7 Kxg7 20. Ng4 Qd8 21. Qh6+ Kg8 22. Re3 f5 23. Rh3 Qe7 24. Ne5 Qg7 25. Qg5 Be8 26. Re1 c6 27. Ree3 Nb7 28. Rh6 Nd6 29. Reh3 Nf7 30. Nxf7 Rxf7 31. Rxh7 Qxh7 32. Rxh7 Kxh7 33. h4 Bd7 34. Qf4 Re8 35. Qd6 Rfe7 36. f4 Kg7 37. a3 Kf7 38. g3 Rc8 39. Be2 Rh8 40. Bf3 Rc8 41. h5 gxh5 42. Bxh5+ Kf8 43. Qe5 Kg8 44. Kf2 Rg7 45. Kf3 Kh7 46. g4 Rf8 47. g5 Kh8 48. Kg3 Kg8 49. Bf3 Kh7 50. Kf2 1/2-1/2

[Event "IECC Swiss email"]
[Site "IECC email"]
[Date "2002.02.02"]
[Round "?"]
[White "Stewart, Alex J"]
[Black "Dixon, Bob"]
[Result "1/2-1/2"]
[WhiteElo "1489"]
[BlackElo "1107"]
[PlyCount "103"]
[EventDate "2002.??.??"]
[EventType "tourn (corr)"]
[EventRounds "6"]
[SourceTitle "Corr 2008"]
[Source "ChessBase"]
[SourceDate "2008.06.24"]
[SourceVersion "1"]
[SourceVersionDate "2008.06.24"]
[SourceQuality "1"]

1. d4 d5 2. Nf3 Nc6 3. e3 Bg4 4. Nbd2 e5 5. dxe5 Nxe5 6. Be2 Nxf3+ 7. Nxf3 Nf6 8. Bd2 Be7 9. 0-0 0-0 10. h3 Bh5 11. Nd4 Bxe2 12. Qxe2 Qd7 13. Rac1 c5 14. Nf3 Ne4 15. c4 dxc4 16. Rxc4 Nxd2 17. Nxd2 b5 18. Rc2 a6 19. Nb3 Rac8 20. Rd1 Qe6 21. Rdc1 c4 22. Nd4 Qf6 23. b3 Ba3 24. Rd1 cxb3 25. axb3 Rxc2 26. Qxc2 Rd8 27. Ra1 Be7 28. Qa2 Rd6 29. Rc1 h6 30. Rc7 Bd8 31. Rc8 Kh7 32. Qc2+ g6 33. Nc6 Bb6 34. Nb8 a5 35. Rf8 Rd8 36. Rxd8 Bxd8 37. Qc5 Qb6 38. Qxb6 Bxb6 39. Nc6 a4 40. bxa4 bxa4 41. Nb4 a3 42. Kf1 Bc5 43. Na2 f5 44. Ke2 Kg7 45. Kd3 Kf6 46. f4 g5 47. fxg5+ hxg5 48. g3 Bd6 49. g4 fxg4 50. hxg4 Ke5 51. Nc3 Bb4 52. Na2 1/2-1/2

[Event "IECC Swiss email"]
[Site "IECC email"]
[Date "2002.01.30"]
[Round "?"]
[White "Peters, Charles William"]
[Black "Stewart, Alex J"]
[Result "1-0"]
[WhiteElo "877"]
[BlackElo "1476"]
[PlyCount "87"]
[EventDate "2002.??.??"]
[EventType "tourn (corr)"]
[EventRounds "6"]
[SourceTitle "Corr 2008"]
[Source "ChessBase"]
[SourceDate "2008.06.24"]
[SourceVersion "1"]
[SourceVersionDate "2008.06.24"]
[SourceQuality "1"]

1. e4 c5 2. Nc3 Nc6 3. Nf3 d6 4. d4 cxd4 5. Nxd4 Nf6 6. Bb5 Bd7 7. Be3 e6 8. Be2 Be7 9. Ndb5 Bc8 10. 0-0 0-0 11. Bf4 e5 12. Bg5 Nxe4 13. Nxe4 Bxg5 14. Nbxd6 Be7 15. Nxc8 Rxc8 16. c3 Qb6 17. b4 f5 18. Qb3+ Kh8 19. Ng3 Bd6 20. a4 e4 21. a5 Qc7 22. Rad1 Bf4 23. Rd5 Ne7 24. Rc5 Qb8 25. Rxc8 Rxc8 26. Rd1 Qc7 27. a6 b6 28. Qe6 Bxg3 29. hxg3 Ng6 30. Qxf5 Qxc3 31. Qxe4 Ne5 32. Bd3 Nxd3 33. Rxd3 Qb2 34. Rd1 h6 35. Qb7 Qc2 36. Rd7 Qb1+ 37. Kh2 Rc1 38. Rd8+ Kh7 39. g4 Rf1 40. Qxa7 Qb2 41. Qe7 Qc2 42. Rd7 Qg6 43. a7 Ra1 44. f3 1-0

[Event "IECC Swiss email"]
[Site "IECC email"]
[Date "2001.08.25"]
[Round "?"]
[White "Delire, Michael"]
[Black "Stewart, Alex J"]
[Result "0-1"]
[WhiteElo "1035"]
[BlackElo "1495"]
[PlyCount "48"]
[EventDate "2001.??.??"]
[EventType "tourn (corr)"]
[EventRounds "6"]
[SourceTitle "Corr 2008"]
[Source "ChessBase"]
[SourceDate "2008.06.24"]
[SourceVersion "1"]
[SourceVersionDate "2008.06.24"]
[SourceQuality "1"]

1. d4 Nf6 2. e3 d5 3. Nc3 Bf5 4. Bd3 Bg6 5. Bxg6 hxg6 6. Nf3 e6 7. a3 Nbd7 8. Ne5 Bd6 9. Nxd7 Qxd7 10. Qe2 0-0-0 11. e4 dxe4 12. Nxe4 Nxe4 13. Qxe4 f5 14. Qd3 Rxh2 15. Rxh2 Bxh2 16. g3 Qd5 17. Qe3 Re8 18. Bd2 Qh1+ 19. Ke2 Qxa1 20. Bc3 Qa2 21. f4 Qd5 22. Qf2 Qh1 23. a4 Qg1 24. b4 Qxf2+ 0-1

[Event "IECC Swiss email"]
[Site "IECC email"]
[Date "2001.07.31"]
[Round "?"]
[White "Schalkwijk, Peter H"]
[Black "Stewart, Alex J"]
[Result "1-0"]
[WhiteElo "1719"]
[BlackElo "1498"]
[PlyCount "101"]
[EventDate "2001.??.??"]
[EventType "tourn (corr)"]
[EventRounds "6"]
[SourceTitle "Corr 2008"]
[Source "ChessBase"]
[SourceDate "2008.06.24"]
[SourceVersion "1"]
[SourceVersionDate "2008.06.24"]
[SourceQuality "1"]

1. e4 c5 2. Nc3 Nc6 3. g3 g6 4. Bg2 Bg7 5. d3 d6 6. Be3 e6 7. Qd2 Nge7 8. Bh6 Bxh6 9. Qxh6 Nd4 10. 0-0-0 Nec6 11. Nge2 Bd7 12. Nxd4 cxd4 13. Ne2 Qf6 14. Rhf1 0-0-0 15. f4 Qe7 16. Kb1 a5 17. c3 dxc3 18. Nxc3 Nd4 19. Rc1 Kb8 20. Qg7 Nb5 21. e5 d5 22. g4 Rc8 23. Ne2 h5 24. Rxc8+ Rxc8 25. gxh5 gxh5 26. Rc1 Rxc1+ 27. Kxc1 Qb4 28. Qg3 a4 29. a3 Nxa3 30. Qf2 Nb5 31. Bf3 a3 32. bxa3 Nxa3 33. Qg3 Qb1+ 34. Kd2 Bb5 35. Qg8+ Ka7 36. Qg1+ Qxg1 37. Nxg1 h4 38. Bh5 Be8 39. Nf3 Nb5 40. Nxh4 Kb6 41. Ng2 Kc7 42. h4 Kd7 43. Bd1 Ke7 44. h5 Nd4 45. h6 Kf8 46. Ne3 Nf5 47. Nxf5 exf5 48. Bh5 Bc6 49. h7 Kg7 50. Bxf7 Kxh7 51. Kc3 1-0

[Event "IECC Swiss email"]
[Site "IECC email"]
[Date "2001.02.23"]
[Round "?"]
[White "Stewart, Alex J"]
[Black "Kent, Kevin"]
[Result "0-1"]
[WhiteElo "1503"]
[BlackElo "1868"]
[PlyCount "50"]
[EventDate "2001.??.??"]
[EventType "tourn (corr)"]
[EventRounds "6"]
[SourceTitle "Corr 2008"]
[Source "ChessBase"]
[SourceDate "2008.06.24"]
[SourceVersion "1"]
[SourceVersionDate "2008.06.24"]
[SourceQuality "1"]

1. e4 d5 2. exd5 Nf6 3. d4 Bg4 4. f3 Bf5 5. Bb5+ c6 6. dxc6 Qa5+ 7. Nc3 bxc6 8. Bd3 Bxd3 9. Qxd3 Na6 10. Nge2 Nb4 11. Qd1 Qf5 12. 0-0 Nxc2 13. Ng3 Qg6 14. Rb1 Rd8 15. Nge4 Nxd4 16. Qa4 Nxe4 17. Nxe4 e5 18. Be3 f5 19. Nc3 Bc5 20. Rbe1 Bb6 21. Kh1 0-0 22. Bxd4 exd4 23. Ne2 Qh5 24. Rd1 Kh8 25. Nxd4 Qg4 0-1

[Event "IECC M email"]
[Site "IECC email"]
[Date "2000.12.10"]
[Round "?"]
[White "Stewart, Alex J"]
[Black "Backlund, Brian"]
[Result "0-1"]
[WhiteElo "1480"]
[BlackElo "1622"]
[PlyCount "44"]
[EventDate "2000.??.??"]
[EventType "tourn (corr)"]
[EventRounds "2"]
[SourceTitle "Corr 2008"]
[Source "ChessBase"]
[SourceDate "2008.06.24"]
[SourceVersion "1"]
[SourceVersionDate "2008.06.24"]
[SourceQuality "1"]

1. e4 Nc6 2. d4 e5 3. dxe5 Nxe5 4. Nf3 Bb4+ 5. c3 Nxf3+ 6. Qxf3 Bc5 7. Bc4 Qf6 8. Qe2 Ne7 9. Nd2 0-0 10. 0-0 d6 11. h3 Qg6 12. Kh1 Be6 13. f4 Bxc4 14. Nxc4 d5 15. f5 Qa6 16. exd5 Nxd5 17. Qg4 Nf6 18. Qh4 Rfe8 19. Bg5 Re4 20. Rf4 Qxc4 21. Bxf6 Rxf4 22. Qg5 Rf1+ 0-1